000 00355 a2200157 4500
001 46436
020 _a9788504008937
040 _cAnchieta - Aquarius
100 _aAlbaut, Corinne
240 1 0 _a40 receitas sem fogão
_lpor
245 1 0 _a40 receitas sem fogão
300 _a
362 0 _a2005
650 4 _aLiteratura infanto-juvenil
942 _cBK
999 _c46436
_d46436